Prénoms féminins les plus donnés en 2010 - Statistiques

Statistiques générales
  • Ce quiz a été pris 1 089 fois
  • Le résultat moyen est 58 sur 100
Statistiques - réponses
Réponse % Correct
24 L Lou
94%
8 Z Zoé
92%
1 E Emma
91%
5 L Léa
91%
2 C Chloé
89%
32 J Julie
89%
4 C Camille
88%
3 M Manon
88%
34 M Marie
88%
9 J Jade
83%
7 L Louise
82%
10 C Clara
81%
17 J Juliette
79%
18 S Sarah
78%
37 A Anna
76%
6 L Lola
76%
31 L Laura
75%
23 L Lisa
75%
20 L Lucie
75%
28 P Pauline
75%
46 E Elisa
74%
42 E Elise
74%
16 I Inès
74%
15 L Léna
74%
26 A Alice
73%
29 C Charlotte
73%
45 J Julia
73%
30 J Jeanne
71%
87 L Lina
71%
67 E Emilie
70%
21 R Romane
70%
14 E Eva
68%
35 J Justine
68%
44 O Océane
68%
50 R Rose
67%
51 V Valentine
67%
11 L Lilou
65%
68 L Lise
65%
22 M Mathilde
65%
52 N Nina
65%
27 N Noémie
65%
19 C Clémence
64%
58 O Olivia
64%
41 L Louane
62%
13 A Anaïs
61%
57 A Alicia
60%
33 L Louna
60%
38 M Margaux
60%
39 M Margot
60%
99 A Amélie
59%
76 G Gabrielle
59%
66 C Célia
58%
43 L Lily
58%
70 L Luna
58%
12 M Maëlys
58%
56 M Marion
58%
48 E Eloïse
57%
47 M Maëlle
57%
98 V Victoria
57%
63 H Héloïse
56%
36 A Ambre
55%
53 E Eléna
55%
75 L Lana
52%
60 A Agathe
51%
25 E Elsa
49%
80 N Ninon
49%
49 L Léane
47%
40 L Léonie
47%
65 A Amandine
46%
55 M Maëva
46%
73 C Charline
45%
62 L Léana
45%
91 E Emy
44%
64 M Mélina
43%
90 C Clémentine
42%
54 F Faustine
42%
72 M Mélissa
42%
74 C Cloé
40%
77 M Méline
40%
59 C Capucine
38%
71 E Eléa
38%
86 F Flora
38%
83 E Elina
37%
78 A Anaé
36%
85 E Eline
35%
84 R Roxane
35%
94 A Axelle
34%
100 C Coline
34%
97 S Solène
34%
69 C Candice
32%
93 A Andréa
30%
82 C Clarisse
30%
95 E Eléonore
30%
61 A Anaëlle
29%
89 C Cléa
28%
96 E Enora
28%
79 A Apolline
24%
92 E Enola
18%
88 T Tessa
15%
81 C Chiara
14%
Aucun quiz correspondant
Distribution des résultats
% des personnes avec chaque résultat
Percentile par nombre de réponses
Votre historique - résultats
Vous n’avez pas pris ce quiz